000 00861nam a2200229Ia 4500
003 OSt
005 20220918110732.0
006 a|||||r|||| 00| 0
007 ta
008 220915b |||||||| |||| 00| 0 hin d
024 _a93,114
037 _cReference Collections
040 _aARTS
_cARTS
_bhin
041 _2hin
_ahin
082 _aP152:4k, 152J4;N3(RR)
100 _aतिवारी, भोलानाथ, संपा.
_99292
245 0 _aबहुउद्देश्य वृहत् पर्यायवाची कोश
246 _aBahuuddeshya vṛuhat paryāyavāchī kosha
260 _aदिल्ली
_bकिताब महल भारत
_c1993
942 _hP152:4k, 152J4;N3(RR)
_cREF
999 _c114360
_d114360